000 00376nam a2200145Ia 4500
008 230711s9999||||xx |||||||||||||| ||und||
041 _aENG
082 _a621.3
_bMU-T
100 _aMurty,D.V.S
245 0 _aTransducers and instrumentation
250 _a1st . Ed.
260 _c1999
_aNew Delhi
_bPHI Learning Private Limited
650 _aElectrical Engineering
942 _cBK
999 _c3692
_d3692